Strzelcy Premier League w klubach 2015/16 - Statystyki

Ogólne statystyki
  • Ten quiz został rozwiązany 38 razy
  • Średni wynik to 13 z 20
Statystyki odpowiedzi
Klub Narodowość # Nazwisko % Poprawnych
Tottenham Hotspur Anglia 25 Harry Kane
100%
Leicester City Anglia 24 Jamie Vardy
97%
Manchester City Argentyna 24 Sergio Agüero
97%
Arsenal Francja 16 Olivier Giroud
89%
Everton Belgia 18 Romelu Lukaku
89%
Chelsea Hiszpania 12 Diego Costa
87%
Manchester United Francja 11 Anthony Martial
84%
Liverpool Brazylia 10 Roberto Firmino
84%
Southampton Senegal/Włochy 11 Sadio Mané/Graziano Pellè
84%
Stoke City Austria 11 Marko Arnautović
79%
Swansea City Ghana 12 André Ayew
58%
Aston Villa Ghana 7 Jordan Ayew
58%
Bournemouth Norwegia 6 Joshua King
58%
West Ham United Anglia/Francja 9 Andy Carroll/Dimitri Payet
50%
West Bromwich Albion Wenezuela 9 Salomón Rondón
50%
Sunderland Anglia 15 Jermain Defoe
39%
Newcastle United Holandia 11 Georginio Wijnaldum
34%
Crystal Palace DR Konga/Francja/Anglia 5 Yannick Bolasie/Yohan Cabaye/Scott Dann/Connor Wickham
32%
Watford Nigeria 16 Odion Ighalo
29%
Norwich City DR Konga 7 Dieumerci Mbokani
11%
Nie znaleziono quizów pasujących do podanych kryteriów
Rozkład punktacji
Procent ludzi z każdym wynikiem
Percentyl według liczby udzielonych odpowiedzi
Twoja historia wyników
Nie rozwiązałeś tego quizu